Music Quiz

Random Music or Lyrics Quiz

Bastille Songs by Lyric Quiz Stats

 Plays Quiz not verified by Sporcle

Score 0/38 Timer 06:00
0 Plays Today
% Correct
Pompeii
84.9%
Of The Night
81.8%
Good Grief
79.2%
Daniel in the Den
78.5%
Laura Palmer
74.1%
Flaws
73.4%
Poet
72.6%
What Would You Do?
72.2%
Icarus
71%
Warmth
70.9%
Blame
70.8%
Weight Of Living, Pt. I
70%
Bad Blood
68.9%
Things We Lost In The Fire
66.8%
Fake It
66.5%
The Currents
65.1%
Laughter Lines
63.6%
Tuning Out...
63.4%
Two Evils
62.4%
% Correct
Send Them Off!
61.5%
Power
61.1%
Sleepsong
56.7%
Winter of Our Youth
56.1%
Overjoyed
53.4%
Durban Skies
53.2%
Four Walls (The Ballad of Perry Smith)
53.2%
Lethargy
52.2%
Get Home
51.2%
Skulls
51.1%
An Act of Kindness
49%
Snakes
47.8%
The Silence
47.4%
Glory
46.8%
The Draw
45.8%
Oblivion
44.2%
These Streets
41.5%
Haunt
38.5%
Weight Of Living, Pt. II
36.4%

You're not logged in!

Compare scores with friends on all Sporcle quizzes.
OR
Log In

Sporcle TV

Today on Sporcle TV


Watch our educational content, quiz creation guides, and fun videos on Sporcle TV.

Show Comments

Extras

Created Dec 25, 2014SourceReportNominate
Tags:Lyrics Quiz, bastille

Top Quizzes Today


Score Distribution

Your Account Isn't Verified!

In order to create a playlist on Sporcle, you need to verify the email address you used during registration. Go to your Sporcle Settings to finish the process.

Report this User

Report this user for behavior that violates our Community Guidelines.

Details: